00138 a2200073 450000100060000010000150000624500220002126000210004316784 aMahmood S aDelibrate debacle abAshraf pressc